Hmotná zainteresovanost v průmyslových podnicích

Gespeichert in:
Bibliographische Detailangaben
1. Verfasser: Valach, Josef
Format: Buch
Sprache:Tschechisch
Veröffentlicht: Praha Státní nakladatelství technické literatury 1984
Tags: Tag hinzufügen
Keine Tags, Fügen Sie das erste Tag hinzu!

MARC

LEADER 00000nam a2200000 4500
001 c112009
005 20041019155151.6
041 0 |a cze 
044 |a CZ 
245 1 0 |a Hmotná zainteresovanost v průmyslových podnicích  |c Josef Valach a kol. 
264 1 |a Praha  |b Státní nakladatelství technické literatury  |c 1984 
300 |a 155 s. 
100 1 |a Valach, Josef